000 00268nam a22001217a 4500
008 171127b xxu||||| |||| 00| 0 eng d
041 _aeng
080 _a7
100 _a45
101 _aART
245 _aAMERICAN PRINTMAKERS 1964
_cSCHMECKEBIER,L
942 _2udc
_cBK
999 _c38577
_d38577